Statistics for 根据提示写出机型Aircrafts According to Hints

Click here to take the quiz!

General Stats

  • This quiz has been taken 21 times
  • The average score is 10 of 15

Answer Stats

提示答案% Correct
世界上最大的客机A380
100%
空中女王(此机型担任过主席专机)B747
90%
梦想客机B787
90%
最常见的干线窄体客机之一(一款子机型被称为“会飞的蛋”)A320
80%
墨镜侠(两种子型号的主起落架轮数不同)A350
80%
麦道耐摔王(电影《紧急迫降》中的涉事机型)MD11/DC10
80%
5APU/起飞困难户/法棍A340
75%
现代空中健身房B737
75%
阿娇(商飞支线客机)ARJ21
70%
“中法断交号”的机型B777
70%
国产干线窄体客机C919
70%
巴航工业E系列中获得订单最多的产品E190
65%
世界上第一架该机型飞机最后一任主人为国泰航空,并涂有“寰宇一家”彩绘A330
40%
757斯基Tu-204
25%
国内航程最远、性能最优、客舱最宽敞、舒适性最好的豪华公务机G550
10%

Score Distribution

Percentile by Number Answered

Percent of People with Each Score

Your Score History

You have not taken this quiz